Witamy w Bibliotece Naukowej Instytutu Łączności!

Elementy urządzeń mikrofalowych - Kołnierze typu E złączy falowodów prostokątnych normalnych Główne wymiary PN-84/T-80305 / (Rekord nr 18907)

000 -LEADER
fixed length control field 00385 a2200097 4500
003 - CONTROL NUMBER IDENTIFIER
control field WA 310
005 - DATE AND TIME OF LATEST TRANSACTION
control field 20180201095623.0
008 - FIXED-LENGTH DATA ELEMENTS--GENERAL INFORMATION
fixed length control field 180201s1984 pl f u |000 0 pol d
040 ## - CATALOGING SOURCE
Original cataloging agency WA 310/bw
Transcribing agency WA 310/bw
245 00 - TITLE STATEMENT
Title Elementy urządzeń mikrofalowych - Kołnierze typu E złączy falowodów prostokątnych normalnych Główne wymiary PN-84/T-80305 /
Statement of responsibility, etc Min. Przem. Maszynowego.
246 13 - VARYING FORM OF TITLE
Title proper/short title PN-84/T-80305
246 13 - VARYING FORM OF TITLE
Title proper/short title 621.372.822
260 ## - PUBLICATION, DISTRIBUTION, ETC. (IMPRINT)
Place of publication, distribution, etc Warszawa :
Name of publisher, distributor, etc Min. Przem. Maszynowego,
Date of publication, distribution, etc 1984.
300 ## - PHYSICAL DESCRIPTION
Extent 2 strony ;
Dimensions 30 cm.
650 ## - SUBJECT ADDED ENTRY--TOPICAL TERM
Topical term or geographic name as entry element Polska norma
942 ## - ADDED ENTRY ELEMENTS (KOHA)
Source of classification or shelving scheme
Koha item type Książki
Egzemplarze
Withdrawn status Lost status Source of classification or shelving scheme Damaged status Not for loan Permanent Location Current Location Shelving location Date acquired Inventory number Full call number Barcode Date last seen Price effective from Koha item type Public note
        Nie do wypożyczenia Instytut Łączności Instytut Łączności Księgozbiór Podręczny 2018-01-31 PN-84/T-80305 PN-84/T-80305 T-80305:1984 2018-01-31 2018-01-31 Książki print, wycofana

Działa dzięki Koha